| 000 | 00907pam a2200277 i 4500 | ||
|---|---|---|---|
| 999 |
_c10783 _d10783 |
||
| 001 | 3227893 | ||
| 003 | OSt | ||
| 005 | 20191231131811.0 | ||
| 008 | 790628s1980 enka b 001 0 eng | ||
| 010 | _a 79040326 | ||
| 015 | _aGB80 | ||
| 020 | _a9798129703971 | ||
| 040 |
_aDLC _cDLC _dDLC |
||
| 050 | 0 | 0 |
_aHB171.5 _b.S9 1980 |
| 082 | 0 | 0 |
_a330.1 _219 _bSTO/T |
| 100 | 1 |
_aStonier, Alfred W. _q(Alfred William), _d1905- _9967 |
|
| 245 | 1 | 2 |
_aA textbook of economic theory / _cAlfred W. Stonier, Douglas C. Hague. |
| 250 | _a5th ed. | ||
| 260 |
_aDelhi : _bPearson, _c2004. |
||
| 300 |
_axxi, 699 p. : _bill. ; _c23 cm. |
||
| 504 | _aIncludes bibliograpies and index. | ||
| 650 | 0 | _aEconomics. | |
| 700 | 1 |
_aHague, D. C. _q(Douglas Chalmers), _d1926-2015 _ejoint author. _9968 |
|
| 906 |
_a7 _bcbc _corignew _d1 _eocip _f19 _gy-gencatlg |
||
| 942 |
_2ddc _cBK _h330.1 _iSTO/T _k330.1 _mSTO/T |
||